01138nam a2200265 4500001000700000003000900007005001700016008004100033020002200074080002200096080002100118245028800139250001200427260004600439300003000485490003300515650003200548651008900580700003300669700002700702710003000729710002700759830003300786852005300819177348ES-MaACL20230907121211.0110316s2009 sp ad |||| | spa d a978-84-8439-465-5 a355.48(460)"1808" a94(460)"1808/14"00aBaylen 1808-2008 b: actas del congreso internacional "Baylen 1808-2008" : Bailén: su impacto en la nueva Europa del siglo XIX y su proyección futura / corganizadas por el Ayuntamiento de Bailén ; coordinación científica, Francisco Acosta Ramírez, Marta Ruiz Jiménez. a1ª ed. aJaén : bUniversidad de Jaén, c2009. a766 p. : bil. ; c24 cm.1 aMartínez de Maza. Estudios 7aBailén, Batalla de, 1808. 7aEspaña-xHistoria-y1808-1814, Guerra de la Independencia-vCongresos y asambleas.1 aAcosta Ramírez, Francisco.1 aRuiz Jiménez, Marta.1 aBailén. bAyuntamiento.2 aUniversidad de Jaén.0 aMartínez de Maza. Estudios aES-MaACLbR.145733jA-11040dOlim: N-4045cDEPO1